000 00854cam a22002773a 4500
001 18290
003 BD-RjUL
005 20211209000250.0
008 140220s1957enk xx 000 0 eng
035 _a(BD-RjUL)18348
_acoe95000155
040 _aDLC
_cDLC
_beng
_dBD-RjUL
041 _aeng
082 0 0 _a822.33
_bASY 1957
245 0 0 _aAs you like it /
_cEdited by Sir Arthur Quiller-Couch and John Dover Wilson.
250 _aPocket ed.
260 _aCambridge :
_bAt the university press,
_c1957.
300 _a102 p. ;
_c19 cm.
650 0 _adrama
_956313
655 7 _aTheater programs
_zMaryland
_zOlney.
_2rbgenr
_956316
655 7 _aTheater programs
_2rbgenr
_956317
700 1 _aQuiller-Couch, Arthur ,
_952612
700 1 _aWilson, John Dover ,
_956285
942 _2ddc
_cBK
999 _c18290
_d18290